000 005930000a22001810004500
003 MACL
005 20160610124118.0
008 160610b xxu||||| |||| 00| 0 eng d
040 _aMACL
_cMACL
041 _aHindi
082 _a891.433
100 _aवर्मा, वृंदावनलाल
_963347
245 _aमहारानी दुर्गावती
_cवृंदावनलाल वर्मा
260 _bप्रभात प्रकाशन
_c1998
_aदिल्‍ल्‍ी
350 _a200
650 _aNovel
_963780
942 _cHIN
_k891.433
_2ddc
999 _c30293
_d30293